Movies Quiz

Random Movies or Role Quiz
Score 0/40 Timer 08:00
1 Play Today
% Correct
Harry Potter and the Order of the Phoenix
92.8%
Pirates of the Caribbean: At World's End
92.7%
Spider-Man 3
91.4%
Ocean's Thirteen
91.2%
Shrek the Third
90.8%
I Am Legend
87.6%
Knocked Up
87.2%
The Bourne Ultimatum
86.8%
Transformers
86.1%
Juno
85.3%
Sweeney Todd: The Demon Barber of Fleet Street
84.3%
Live Free or Die Hard
83.2%
Evan Almighty
81.8%
The Bucket List
81%
Superbad
80.5%
Bee Movie
80.4%
Blades of Glory
79.7%
Wild Hogs
79.2%
I Now Pronounce You Chuck & Larry
78.9%
National Treasure: Book of Secrets
78.8%
% Correct
Charlie Wilson's War
78.6%
Fantastic 4: Rise of the Silver Surfer
77.9%
No Country for Old Men
77.1%
The Simpsons Movie
76.2%
Alvin and the Chipmunks
74.7%
Enchanted
74.2%
Resident Evil: Extinction
72.7%
American Gangster
71.9%
Hot Fuzz
71.6%
Ghost Rider
71.4%
Ratatouille
70.4%
There Will Be Blood
68.6%
Michael Clayton
67.9%
Walk Hard: The Dewey Cox Story
65%
The Assassination of Jesse James by the Coward Robert Ford
63.5%
Good Luck Chuck
62.7%
3:10 to Yuma
62.4%
Dan in Real Life
62.3%
Disturbia
58.8%
The Number 23
58.7%

You're not logged in!

Compare scores with friends on all Sporcle quizzes.
OR
Log In

Sporcle TV

Today on Sporcle TV


Watch our educational content, quiz creation guides, and fun videos on Sporcle TV.

Show Comments

Extras

Top Quizzes Today


Score Distribution

Paid Content

Your Account Isn't Verified!

In order to create a playlist on Sporcle, you need to verify the email address you used during registration. Go to your Sporcle Settings to finish the process.

Report this User

Report this user for behavior that violates our Community Guidelines.

Details: